| 000 | 00661nam a2200193Ia 4500 | ||
|---|---|---|---|
| 008 | 090124s9999 xx 000 0 und d | ||
| 020 | _a81-7492-262-8 | ||
| 082 | _b46715 | ||
| 100 | _aमहाले रमेश | ||
| 245 | _a अंतराळातील स्वप्नलोकाची सफर | ||
| 250 | _a1 | ||
| 260 | _c2008 | ||
| 300 | _a51 | ||
| 600 | _aमहाले रमेश | ||
| 630 | _a अंतराळातील स्वप्नलोकाची सफर | ||
| 700 | _aमहाले रमेश | ||
| 730 | _a अंतराळातील स्वप्नलोकाची सफर | ||
| 942 | _cBOOK | ||
| 999 |
_c112924 _d112924 |
||